<?xml version="1.0" encoding="UTF-8"?>
<record
    xmlns:xsi="http://www.w3.org/2001/XMLSchema-instance"
    xsi:schemaLocation="http://www.loc.gov/MARC21/slim http://www.loc.gov/standards/marcxml/schema/MARC21slim.xsd"
    xmlns="http://www.loc.gov/MARC21/slim">

  <leader>01311nam a22001697a 4500</leader>
  <controlfield tag="003">IT-RoPau</controlfield>
  <controlfield tag="005">20220918181220.0</controlfield>
  <controlfield tag="008">140503b        xxu||||| |||| 00| 0 eng d</controlfield>
  <datafield tag="040" ind1=" " ind2=" ">
    <subfield code="c">IT-RoPau</subfield>
  </datafield>
  <datafield tag="100" ind1=" " ind2=" ">
    <subfield code="a">Farronato, Lina</subfield>
    <subfield code="9">23600</subfield>
  </datafield>
  <datafield tag="245" ind1=" " ind2=" ">
    <subfield code="a">Buongiorno, Maria</subfield>
    <subfield code="b">Prefazione di Tullio Goffi. In appendice preghiera di Giovanni Paolo II a Fatima. Illustrazioni di Maria Rosa Rusconi</subfield>
  </datafield>
  <datafield tag="260" ind1=" " ind2=" ">
    <subfield code="a">Barzan&#xF2; (Como)</subfield>
    <subfield code="b">Casa Edtrice MARNA srl</subfield>
    <subfield code="c">1991</subfield>
  </datafield>
  <datafield tag="300" ind1=" " ind2=" ">
    <subfield code="a">74 pp.</subfield>
    <subfield code="c">21 cm</subfield>
  </datafield>
  <datafield tag="490" ind1=" " ind2=" ">
    <subfield code="a">Collana "Sorgenti" - MARNA. 1&#xB0; Edizione</subfield>
  </datafield>
  <datafield tag="518" ind1=" " ind2=" ">
    <subfield code="a">Indice

Nostra Madre
Bellissima tra le donne
Giocare davanti a Dio
Nostra sorella
Un s&#xEC; difficile
La serva del Signore
Il viaggio
Una visita di gioia
Il canto dell'amore
Una mamma in attesa
Un grande amore in crisi
Anche Cesare ubbidisce a Dio
Il dramma dei senzatetto
Madre di Dio
Pace agli uonini amati da Dio
Gli occhi che vedono oltre
Chiudere gli occhi all'evidenza
Una tragica fuga
Tutta la terra &#xE8; di Dio
Vivere nel provvisorio
Una bella famiglia
La casa del Signore
Una bravissima madre di famiglia
La partenza del figlio
Un pranzo di nozze
Una madre nel dolore
Donna, ecco tuo figlio!
Ges&#xF9; ha vinto la morte
Madre della comunit&#xE0; dei credenti
La Vita oltre oltre la vita
Anche il tuo corpo vive
Cammina con noi, Madre della speranza</subfield>
  </datafield>
  <datafield tag="942" ind1=" " ind2=" ">
    <subfield code="2">ddc</subfield>
    <subfield code="c">BK</subfield>
  </datafield>
  <datafield tag="999" ind1=" " ind2=" ">
    <subfield code="c">104342</subfield>
    <subfield code="d">104342</subfield>
  </datafield>
  <datafield tag="952" ind1=" " ind2=" ">
    <subfield code="0">0</subfield>
    <subfield code="1">0</subfield>
    <subfield code="2">ddc</subfield>
    <subfield code="4">0</subfield>
    <subfield code="6">P_D5</subfield>
    <subfield code="7">1</subfield>
    <subfield code="a">PAULUS</subfield>
    <subfield code="b">PAULUS</subfield>
    <subfield code="d">2014-05-03</subfield>
    <subfield code="l">0</subfield>
    <subfield code="o">P D5</subfield>
    <subfield code="r">2014-05-03 00:00:00</subfield>
    <subfield code="w">2014-05-03</subfield>
    <subfield code="y">BK</subfield>
  </datafield>
</record>
